000 00893nam a2200241 a 4500
005 20210223125244.0
008 040126s2002 mx r 000 0 spa d
020 _a8497040236
035 _aUPN01000131541
049 _aCE
050 4 _aZ695.615
_bP5.4
100 1 _aPinto Molina, María
245 1 0 _aIndización y resumen de documentos digitales y multimedia :
_btécnicas y procedimientos /
_cMaría Pinto Molina, Francisco Javier García Marco, María del Carmen Agustín Lacruz.
260 _aGijón, Esp. :
_bTrea,
_c2002.
300 _a350 p. :
_bil.
440 0 _aBiblioteconomía y administración cultural ;
_v62
650 4 _aINDIZACION
650 4 _aMULTIMEDIA INTERACTIVA
_94856
650 4 _aCATALOGACION -
_vMATERIALES NO IMPRESOS
_96298
700 1 _aGarcía Marco, Francisco Javier,
_ecoaut.
700 1 _aAgustín Lacruz, María del Carmen,
_ecoaut.
905 _aLibro
999 _c103696
_d103696